000
00208 a2200097 4500
001
11047
100
_a
R. Akhtar
245
_a
Pakistan year book 1974
260
_a
_b
East & Nest Pub
_c
090
_c
8612
_d
8612
942
_a
NUST-CAE
_c
M
_c
35392
999
_c
246120
_d
246120